Consells de prevenció i actuació en cas d'incendi a la llar /
Descripción Física:
1 tríptic ; il. col. : 15 x 15 cm
Idioma:
Catalán
MARC
| LEADER | 00000nam a22000007a 4500 | ||
|---|---|---|---|
| 001 | 27251 | ||
| 003 | Arxiu | ||
| 005 | 20260324181155.0 | ||
| 008 | 230314b spa||||| |||| 00| 0 cat d | ||
| 017 | |a B 9301-2019 | ||
| 040 | |a agdb |b cat | ||
| 041 | |a cat | ||
| 110 | |9 55974 |a Barcelona (Catalunya : Província). |b Servei Local de Teleassistència | ||
| 245 | |a Consells de prevenció i actuació en cas d'incendi a la llar / |c Diputació de Barcelona ; Bombers de la Generalitat de Catalunya | ||
| 260 | |a Barcelona : |b Diputació de Barcelona : |b Generalitat de Catalunya ; |c 2019 | ||
| 300 | |a 1 tríptic ; |b il. col. : |c 15 x 15 cm | ||
| 500 | |a També en castellà (R. 27522) | ||
| 650 | 0 | |a Incendis |x Prevenció |9 49592 | |
| 650 | 0 | |9 54711 |a Habitatges |x Incendis i prevenció d'incendis | |
| 710 | 1 | |a Barcelona (Catalunya : Província). |b Diputació |9 52408 | |
| 710 | |9 52624 |a Catalunya. |b Departament d'Interior | ||
| 942 | |2 udc |c ARXIU |n 1 | ||
| 952 | |0 0 |1 0 |2 udc |4 0 |6 FU74148 |7 1 |9 65612 |a Arxiu |b Arxiu |d 2023-03-14 |l 0 |o FU-74-148 |p 27521 |r 2023-03-14 00:00:00 |w 2023-03-14 |y ARXIU | ||
| 999 | |c 83192 |d 83192 | ||